000 00510nam a2200193Ia 4500
005 20260120130927.0
008 008 260114s9999 xx 000 0 eng d
020 _a9780199980369
037 _aEBOOK
040 _aCRL
_beng
_cCRL
041 _aeng
_2eng
084 _qCRL
100 _aNagel
_9920894
245 0 _aMind and Cosmos
260 _bOxford University PressOxford University Press
_c2013
856 _uhttps://academic.oup.com/book/9190
942 _cEBOOK
999 _c1512804
_d1512804